Statistics for Vancouver Canucks Quiz

Click here to take the quiz!

General Stats

  • This quiz has been taken 593 times
  • The average score is 7 of 11

Answer Stats

Hint Answer % Correct
Nicknamed the "Russian Rocket"Pavel Bure
88%
The year the Canucks were introduced into the NHL1970-1971
87%
Which Canucks goalie has the most wins in a season?Roberto Luongo
83%
In the 1994 Stanley Cup, who did the Canucks go to a Game 7 with?New York Rangers
81%
What is the nickname of the two fans who sit next to the penalty boxes at Rogers Arena?The Green Men
73%
The name of the Canadian folk hero used as the secondary logo.Johnny Canuck
61%
The name of the player who "rode his stick like a witch"Tiger Williams
52%
What three players made up the "West Coast Express" (Last Name Only)Markus Naslund, Brendan Morrison, and Todd Bertuzzi
43%
Who are the only two players that won the Art Ross Trophy in Canucks history?Henrik and Daniel Sedin
37%
What numbers are retired in the organization?12, 16, 19
34%
Which Vancouver Canucks coach initially started "Towel Power" in 1982?Roger Nielson
33%

Score Distribution

Percentile by Number Answered

Percent of People with Each Score

Your Score History

You have not taken this quiz